[Event "EU-ch (Women) 22nd"]
[Site "Prague"]
[Date "2022.08.31"]
[Round "11"]
[White "Pribylova, Sofie"]
[Black "Kochavi, Dana"]
[Result "1-0"]
[WhiteElo "1981"]
[BlackElo "1894"]
[PlyCount "33"]
[EventDate "2022.08.20"]
[EventType "swiss"]
[EventRounds "11"]
[EventCountry "CZE"]
[SourceTitle "CBM 209 Extra"]
[Source "ChessBase"]
[SourceDate "2022.09.30"]
[SourceVersion "1"]
[SourceVersionDate "2022.09.30"]
[SourceQuality "1"]

1. d4 Nf6 2. Bf4 e6 3. e3 d5 4. Nf3 c5 5. Nbd2 Nc6 6. c3 a6 7. Bd3 Be7 8. Ne5 Nxe5 9. dxe5 Nd7 10. Qe2 0-0 11. h4 Re8 12. Nf3 f6 13. Bxh7+ Kxh7 14. Ng5+ Kg8 15. Qh5 Nf8 16. Qf7+ Kh8 17. h5 1-0

[Event "EU-ch (Women) 22nd"]
[Site "Prague"]
[Date "2022.08.30"]
[Round "10"]
[White "Hnatyshyn, Anastasiya"]
[Black "Pribylova, Sofie"]
[Result "1-0"]
[WhiteElo "2061"]
[BlackElo "1981"]
[PlyCount "67"]
[EventDate "2022.08.20"]
[EventType "swiss"]
[EventRounds "11"]
[EventCountry "CZE"]
[SourceTitle "CBM 209 Extra"]
[Source "ChessBase"]
[SourceDate "2022.09.30"]
[SourceVersion "1"]
[SourceVersionDate "2022.09.30"]
[SourceQuality "1"]

1. e4 c5 2. Nf3 d6 3. d4 cxd4 4. Nxd4 Nf6 5. Nc3 a6 6. Nb3 e6 7. g4 Nc6 8. g5 Nd7 9. Be3 Be7 10. Qd2 Qc7 11. 0-0-0 b5 12. f4 Bb7 13. h4 Na5 14. Nxa5 Qxa5 15. Qd4 0-0 16. Kb1 b4 17. Ne2 Rfd8 18. Bg2 Rac8 19. Rhf1 d5 20. exd5 Nf8 21. Qb6 Qxb6 22. Bxb6 Rd7 23. Rd3 exd5 24. Bh3 Rc6 25. Bxd7 Rxb6 26. Bg4 a5 27. f5 a4 28. Re1 Bc5 29. Bf3 Bf2 30. Rh1 Rd6 31. Nf4 Ba6 32. Rxd5 Rc6 33. Rd8 Rc5 34. Nd5 1-0

[Event "EU-ch (Women) 22nd"]
[Site "Prague"]
[Date "2022.08.23"]
[Round "4"]
[White "Levitan, Ronit"]
[Black "Pribylova, Sofie"]
[Result "1/2-1/2"]
[WhiteElo "2158"]
[BlackElo "1981"]
[PlyCount "134"]
[EventDate "2022.08.20"]
[EventType "swiss"]
[EventRounds "11"]
[EventCountry "CZE"]
[SourceTitle "CBM 209 Extra"]
[Source "ChessBase"]
[SourceDate "2022.09.30"]
[SourceVersion "1"]
[SourceVersionDate "2022.09.30"]
[SourceQuality "1"]

1. e4 d6 2. d4 Nf6 3. Nc3 c6 4. a4 Qa5 5. Bd2 e5 6. Nf3 exd4 7. Nd5 Qd8 8. Nxf6+ Qxf6 9. Bg5 Qe6 10. Qxd4 Nd7 11. 0-0-0 f6 12. Bf4 Ne5 13. Bg3 Be7 14. Nxe5 fxe5 15. Qc3 Qf7 16. Bc4 Be6 17. Bxe6 Qxe6 18. Kb1 0-0 19. f3 Kh8 20. Rd3 Rab8 21. Rhd1 Qc8 22. Qd2 b5 23. a5 b4 24. f4 exf4 25. Bxf4 Qe6 26. Bxd6 Bxd6 27. Rxd6 Qxe4 28. Rd4 Qe7 29. Rd7 Qc5 30. Qd4 Qxd4 31. R1xd4 h6 32. Rxa7 b3 33. cxb3 Rxb3 34. Rd2 Rb5 35. Rc2 c5 36. Rc7 Rf1+ 37. Rc1 Rxc1+ 38. Kxc1 Rxa5 39. Kc2 Rb5 40. Kc3 Kh7 41. Rd7 Kg6 42. Rd2 Kf6 43. Kc4 Ra5 44. Rd6+ Ke7 45. Rg6 Kf7 46. Rc6 Ra2 47. Rb6 Ra1 48. Kxc5 Rc1+ 49. Kd4 Rc2 50. h3 Rxg2 51. Rb3 g5 52. Rf3+ Kg6 53. b4 g4 54. hxg4 Rxg4+ 55. Kc5 h5 56. b5 Rg1 57. Rb3 Kf5 58. b6 h4 59. b7 Rg8 60. b8Q Rxb8 61. Rxb8 Kf4 62. Rh8 Kg3 63. Kd4 h3 64. Ke3 Kg2 65. Rg8+ Kf1 66. Rh8 Kg2 67. Ke2 h2 1/2-1/2

[Event "EU-ch (Women) 22nd"]
[Site "Prague"]
[Date "2022.08.20"]
[Round "1"]
[White "Pribylova, Sofie"]
[Black "Sieber, Fiona"]
[Result "0-1"]
[WhiteElo "1981"]
[BlackElo "2280"]
[PlyCount "174"]
[EventDate "2022.08.20"]
[EventType "swiss"]
[EventRounds "11"]
[EventCountry "CZE"]
[SourceTitle "CBM 209 Extra"]
[Source "ChessBase"]
[SourceDate "2022.09.30"]
[SourceVersion "1"]
[SourceVersionDate "2022.09.30"]
[SourceQuality "1"]

1. c4 e5 2. Nc3 Bb4 3. g3 Nf6 4. Bg2 0-0 5. Nf3 e4 6. Ng5 Bxc3 7. bxc3 Qe7 8. Qc2 Re8 9. 0-0 d6 10. f3 exf3 11. exf3 c5 12. d3 Nc6 13. Bd2 Bf5 14. Ne4 Bxe4 15. fxe4 Ng4 16. h3 Nge5 17. Be3 b6 18. Qe2 Na5 19. Kh2 Qe6 20. Rae1 Rac8 21. Rf4 Rc7 22. Kh1 f6 23. Kh2 Nb7 24. Rf5 Qf7 25. Ref1 Nd8 26. g4 Qe6 27. h4 Ng6 28. h5 Ne7 29. R5f2 h6 30. Bh3 Qe5+ 31. Bf4 Qxc3 32. g5 hxg5 33. Bxd6 Rc6 34. e5 Qd4 35. Bxe7 Rxe7 36. e6 Nxe6 37. Qf3 Qd6+ 38. Kg1 Nd4 39. Qg4 Re3 40. Bg2 Rg3 41. Qe4 Qe6 42. Kh2 Re3 43. Qxe6+ Rcxe6 44. Bd5 Kh7 45. Bxe6 Rxe6 46. Kg2 Kh6 47. a4 Re3 48. a5 bxa5 49. Ra1 Nb3 50. Ra3 Rxd3 51. Rb2 Rd2+ 52. Rxd2 Nxd2 53. Rxa5 Nxc4 54. Rxc5 Ne5 55. Ra5 Kxh5 56. Rxa7 Kg6 57. Kg3 f5 58. Ra6+ Kh5 59. Ra5 f4+ 60. Kg2 Ng4 61. Kf3 Nf6 62. Ra7 Kg6 63. Ra5 Kh6 64. Ra6 Kg6 65. Ra5 Ng8 66. Kg4 Nh6+ 67. Kf3 Kh5 68. Ra8 Nf5 69. Rh8+ Kg6 70. Ra8 Ne3 71. Ra5 Kf6 72. Ra6+ Ke5 73. Ra5+ Nd5 74. Kg4 Ke4 75. Kxg5 f3 76. Kg4 f2 77. Ra1 Ke3 78. Kg5 Nf4 79. Rf1 Ne6+ 80. Kf5 g5 81. Ra1 Ke2 82. Ra2+ Kf3 83. Ra1 g4 84. Kxe6 g3 85. Kf5 g2 86. Ra3+ Ke2 87. Ra2+ Ke3 0-1

[Event "CZE-chT2B 1920"]
[Site "Czech Republic"]
[Date "2020.06.28"]
[Round "11.6"]
[White "Pribylova, Sofie"]
[Black "Prochazka, Dalibor"]
[Result "1/2-1/2"]
[WhiteElo "2104"]
[BlackElo "2167"]
[PlyCount "57"]
[EventDate "2019.10.13"]
[EventType "team-tourn"]
[EventRounds "11"]
[EventCountry "CZE"]
[SourceTitle "EXT 2024"]
[Source "ChessBase"]
[SourceDate "2023.10.10"]
[SourceVersion "1"]
[SourceVersionDate "2023.10.10"]
[SourceQuality "1"]
[WhiteTeam "Kolesovice Cesky Lev"]
[BlackTeam "Karlovy Vary Tietz"]
[WhiteTeamCountry "CZE"]
[BlackTeamCountry "CZE"]

1. c4 Nf6 2. g3 c6 3. Nf3 d5 4. b3 g6 5. Bg2 Bg7 6. Bb2 0-0 7. 0-0 Re8 8. d4 a6 9. Nc3 b5 10. cxd5 cxd5 11. Rc1 Bb7 12. e3 Nbd7 13. Ne2 Ne4 14. Nf4 Qb6 15. Ne5 Ndf6 16. f3 Ng5 17. Nfd3 a5 18. Nc5 Ne6 19. Nxe6 Qxe6 20. Rc7 Qb6 21. Qc2 Rec8 22. Rc1 Ne8 23. Rxc8 Rxc8 24. Qd2 Rxc1+ 25. Qxc1 Qc7 26. Bf1 Qxc1 27. Bxc1 Nc7 28. a3 f6 29. Nd7 1/2-1/2

[Event "Prague op-A 19th"]
[Site "Prague"]
[Date "2020.01.14"]
[Round "6"]
[White "Steiner, Juraj"]
[Black "Pribylova, Sofie"]
[Result "1/2-1/2"]
[WhiteElo "2004"]
[BlackElo "2156"]
[PlyCount "43"]
[EventDate "2020.01.10"]
[EventType "swiss"]
[EventRounds "9"]
[EventCountry "CZE"]
[SourceTitle "CBM 195 Extra"]
[Source "ChessBase"]
[SourceDate "2020.05.31"]
[SourceVersion "1"]
[SourceVersionDate "2020.05.31"]
[SourceQuality "1"]

1. c4 e5 2. Nc3 Nf6 3. d3 d5 4. cxd5 Nxd5 5. Nf3 Nc6 6. e3 Be7 7. Be2 Be6 8. 0-0 0-0 9. a3 a5 10. Bd2 f5 11. Qc2 Nb6 12. Na4 Nxa4 13. Qxa4 Qd5 14. Rac1 e4 15. dxe4 fxe4 16. Bc4 Qf5 17. Nd4 Nxd4 18. exd4 Bd6 19. Rce1 Bxc4 20. Qxc4+ Kh8 21. Qe2 Rac8 22. g3 1/2-1/2

[Event "EU-chT U18 Girls"]
[Site "Pardubice"]
[Date "2019.07.14"]
[Round "4.1"]
[White "Koubova, Anna Marie"]
[Black "Pribylova, Sofie"]
[Result "1/2-1/2"]
[WhiteElo "2094"]
[BlackElo "2093"]
[PlyCount "61"]
[EventDate "2019.07.11"]
[EventType "team-swiss"]
[EventRounds "7"]
[EventCountry "CZE"]
[SourceTitle "CBM 191 Extra"]
[Source "ChessBase"]
[SourceDate "2019.09.30"]
[SourceVersion "1"]
[SourceVersionDate "2019.09.30"]
[SourceQuality "1"]
[WhiteTeam "Czech Republic U18 Girls II"]
[BlackTeam "Czech Republic U18 Girls"]
[WhiteTeamCountry "CZE"]
[BlackTeamCountry "CZE"]

1. d4 d5 2. c4 c6 3. cxd5 cxd5 4. Nf3 Nc6 5. Nc3 Nf6 6. Bf4 Bf5 7. e3 e6 8. Bd3 Bxd3 9. Qxd3 Bd6 10. Bxd6 Qxd6 11. 0-0 0-0 12. Rfc1 Rfc8 13. a3 a6 14. Na4 Nd7 15. Nc5 Nxc5 16. Rxc5 Ne7 17. Rac1 Rxc5 18. Rxc5 Rc8 19. Rxc8+ Nxc8 20. Ne1 Qc7 21. Qc2 Qxc2 22. Nxc2 Nd6 23. Nb4 Nc4 24. Nd3 Kf8 25. Nc5 Nxb2 26. Nxb7 Nc4 27. Nc5 Nxa3 28. Nxa6 Nc4 29. Nc5 Ke7 30. Kf1 Kd6 31. Ke2 1/2-1/2

[Event "EU-chT U18 Girls"]
[Site "Pardubice"]
[Date "2019.07.12"]
[Round "2.1"]
[White "Cvitan, Ena"]
[Black "Pribylova, Sofie"]
[Result "1-0"]
[WhiteElo "2202"]
[BlackElo "2093"]
[PlyCount "85"]
[EventDate "2019.07.11"]
[EventType "team-swiss"]
[EventRounds "7"]
[EventCountry "CZE"]
[SourceTitle "CBM 191 Extra"]
[Source "ChessBase"]
[SourceDate "2019.09.30"]
[SourceVersion "1"]
[SourceVersionDate "2019.09.30"]
[SourceQuality "1"]
[WhiteTeam "Croatia U18 Girls"]
[BlackTeam "Czech Republic U18 Girls"]
[WhiteTeamCountry "CRO"]
[BlackTeamCountry "CZE"]

1. d4 g6 2. c4 Bg7 3. e4 c5 4. d5 d6 5. Nc3 e6 6. Nf3 Ne7 7. h3 0-0 8. Bd3 h6 9. 0-0 e5 10. Nh2 Nd7 11. Ng4 Kh7 12. Ne3 f5 13. exf5 Nxf5 14. Qc2 Ne7 15. Ne4 Nf6 16. Ng3 Qe8 17. a4 b6 18. Bd2 Nfg8 19. a5 Bb7 20. Bc3 Kh8 21. Ra3 Rb8 22. axb6 axb6 23. b4 h5 24. Rb1 Ra8 25. Rab3 Ba6 26. bxc5 bxc5 27. Rb6 Nf6 28. Rxd6 h4 29. Ne4 Nxe4 30. Bxe4 Rf4 31. Re6 Bc8 32. Bxg6 Qf8 33. Rxe5 Nxg6 34. Qxg6 Ra6 35. Qh5+ Rh6 36. Qxh6+ Bxh6 37. Re8+ Kg8 38. Rxf8+ Rxf8 39. Ng4 Bf4 40. Nf6+ Kf7 41. Ne4 Ba6 42. Nxc5 Bxc4 43. Ne6 1-0

[Event "Prague Zita Memorial"]
[Site "Prague"]
[Date "2019.06.25"]
[Round "5"]
[White "Trichkov, Vasil"]
[Black "Pribylova, Sofie"]
[Result "1/2-1/2"]
[WhiteElo "2319"]
[BlackElo "2069"]
[PlyCount "99"]
[EventDate "2019.06.22"]
[EventType "tourn"]
[EventRounds "9"]
[EventCountry "CZE"]
[SourceTitle "CBM 191 Extra"]
[Source "ChessBase"]
[SourceDate "2019.09.30"]
[SourceVersion "1"]
[SourceVersionDate "2019.09.30"]
[SourceQuality "1"]

1. d4 Nf6 2. Nf3 c5 3. c4 cxd4 4. Nxd4 e5 5. Nb5 d5 6. cxd5 Bc5 7. e3 0-0 8. N5c3 e4 9. a3 a5 10. Nd2 Qe7 11. Qc2 Bf5 12. Nb3 Bd6 13. f4 h6 14. Nd4 Bg6 15. Be2 Rd8 16. Ndb5 Bc5 17. Qb3 Nbd7 18. 0-0 Nb6 19. Rd1 a4 20. Qa2 Rd7 21. b4 axb3 22. Qxb3 Rad8 23. d6 Bxd6 24. Nxd6 Rxd6 25. Rxd6 Qxd6 26. Rb1 Nbd5 27. Nxd5 Nxd5 28. Bb2 f6 29. Bc4 Bf7 30. Rd1 Qc6 31. Rd4 f5 32. Rd1 Be6 33. Be5 Qc5 34. h3 Rd7 35. Bd4 Qc7 36. Bxg7 Kxg7 37. Bxd5 Bxd5 38. Rxd5 Qc1+ 39. Kf2 Rc7 40. Kg3 Kh7 41. Kh2 Rg7 42. Rd1 Qc6 43. Rd2 Qg6 44. Kh1 Qg3 45. Qc3 Qe1+ 46. Kh2 Qg3+ 47. Kg1 Qe1+ 48. Kh2 Qg3+ 49. Kg1 Qe1+ 50. Kh2 1/2-1/2

[Event "Prague Zita Memorial"]
[Site "Prague"]
[Date "2019.06.22"]
[Round "1"]
[White "Pribylova, Sofie"]
[Black "Frolov, Artur"]
[Result "0-1"]
[WhiteElo "2069"]
[BlackElo "2453"]
[PlyCount "64"]
[EventDate "2019.06.22"]
[EventType "tourn"]
[EventRounds "9"]
[EventCountry "CZE"]
[SourceTitle "CBM 191 Extra"]
[Source "ChessBase"]
[SourceDate "2019.09.30"]
[SourceVersion "1"]
[SourceVersionDate "2019.09.30"]
[SourceQuality "1"]

1. d4 Nf6 2. Nf3 g6 3. c4 Bg7 4. Nc3 0-0 5. e4 d6 6. Be2 e5 7. d5 a5 8. Bg5 h6 9. Be3 Ng4 10. Bd2 f5 11. h3 Nf6 12. exf5 gxf5 13. Qc1 f4 14. g3 e4 15. Nh4 e3 16. fxe3 fxg3 17. Ng6 Re8 18. Rg1 Bf5 19. Nf4 Na6 20. Bf3 Nb4 21. Bd1 Nd7 22. Rxg3 Qh4 23. Kf2 Nc5 24. Be2 Kh7 25. Kf3 Bxc3 26. Bxc3 Be4+ 27. Kf2 Rg8 28. Qg1 Bg2 29. Bg4 Ne4+ 30. Kxg2 Qxg3+ 31. Kf1 Rxg4 32. hxg4 Qf3+ 0-1

[Event "CZE-chT U18 Extraliga final-A 1819"]
[Site "Czech Republic"]
[Date "2019.04.13"]
[Round "10.2"]
[White "Vojta, Jakub"]
[Black "Pribylova, Sofie"]
[Result "1-0"]
[WhiteElo "2066"]
[BlackElo "1973"]
[PlyCount "83"]
[EventDate "2018.10.05"]
[EventType "team-tourn"]
[EventRounds "11"]
[EventCountry "CZE"]
[SourceTitle "EXT 2023"]
[Source "ChessBase"]
[SourceDate "2022.10.05"]
[SourceVersion "1"]
[SourceVersionDate "2022.10.05"]
[SourceQuality "1"]
[WhiteTeam "Vlasim (U18)"]
[BlackTeam "Praha Porg (U18)"]
[WhiteTeamCountry "CZE"]
[BlackTeamCountry "CZE"]

1. e4 c5 2. Nf3 d6 3. d4 cxd4 4. Nxd4 Nf6 5. f3 e5 6. Nb3 Be7 7. c4 a5 8. Be3 a4 9. N3d2 Qa5 10. Be2 0-0 11. 0-0 Bd8 12. c5 dxc5 13. Nc4 Qc7 14. Nc3 Nbd7 15. Nd6 Nb6 16. Ncb5 Qc6 17. Rc1 Nbd7 18. b4 axb3 19. Qxb3 Ne8 20. Rfd1 Be7 21. Nf5 Bf6 22. Bc4 Kh8 23. Nfd6 h6 24. Bxf7 Nxd6 25. Nxd6 Qc7 26. Bg6 Qd8 27. Bxc5 Bg5 28. Rc2 Qf6 29. Nf7+ Rxf7 30. Bxf7 Nxc5 31. Rxc5 b6 32. Rcd5 Ba6 33. Rd6 Qe7 34. Rxb6 Rf8 35. Rxa6 Rxf7 36. Kh1 h5 37. Qe6 Be3 38. Qg6 h4 39. Re6 Qf8 40. Qh5+ Kg8 41. Rxe5 Bf4 42. Red5 1-0

[Event "Prague op"]
[Site "Prague"]
[Date "2019.03.14"]
[Round "7"]
[White "Pribylova, Sofie"]
[Black "Krueger, Thomas"]
[Result "1-0"]
[WhiteElo "2031"]
[BlackElo "1591"]
[PlyCount "31"]
[EventDate "2019.03.09"]
[EventType "swiss"]
[EventRounds "9"]
[EventCountry "CZE"]
[SourceTitle "CBM 189 Extra"]
[Source "ChessBase"]
[SourceDate "2019.06.03"]
[SourceVersion "1"]
[SourceVersionDate "2019.06.03"]
[SourceQuality "1"]

1. e4 d5 2. exd5 Qxd5 3. Nc3 Qd6 4. d4 a6 5. Nf3 Bf5 6. g3 Nf6 7. Bg2 e6 8. 0-0 Be7 9. Bf4 Qd8 10. Ne5 c6 11. g4 Bg6 12. h4 h5 13. Nxg6 fxg6 14. g5 Nfd7 15. Re1 0-0 16. Bg3 1-0

[Event "Prague op"]
[Site "Prague"]
[Date "2019.03.13"]
[Round "6"]
[White "Mulenko, Alexander"]
[Black "Pribylova, Sofie"]
[Result "1-0"]
[WhiteElo "2119"]
[BlackElo "2031"]
[PlyCount "63"]
[EventDate "2019.03.09"]
[EventType "swiss"]
[EventRounds "9"]
[EventCountry "CZE"]
[SourceTitle "CBM 189 Extra"]
[Source "ChessBase"]
[SourceDate "2019.06.03"]
[SourceVersion "1"]
[SourceVersionDate "2019.06.03"]
[SourceQuality "1"]

1. Nf3 Nf6 2. c4 g6 3. b3 Bg7 4. Bb2 c6 5. g3 0-0 6. Bg2 d5 7. 0-0 Re8 8. Qc2 dxc4 9. bxc4 c5 10. d3 Nc6 11. Nc3 e5 12. Nd2 Nd4 13. Qd1 Qc7 14. e3 Ne6 15. Nb5 Qb8 16. Nb3 a6 17. Nc3 Qc7 18. Qc2 Rb8 19. Nd5 Qd6 20. f4 Nd7 21. f5 Nc7 22. Nd2 gxf5 23. Rxf5 Nb6 24. Ne4 Qd8 25. Ndf6+ Bxf6 26. Nxf6+ Kf8 27. Rxe5 Qxf6 28. Rxe8+ Nxe8 29. Bxf6 Nxf6 30. Rf1 Kg7 31. Qf2 Nbd7 32. Bh3 1-0

[Event "CZE-ch blitz (Women)"]
[Site "Prague"]
[Date "2018.12.22"]
[Round "5"]
[White "Mareckova, Martina"]
[Black "Pribylova, Sofie"]
[Result "1/2-1/2"]
[WhiteElo "2124"]
[BlackElo "1989"]
[PlyCount "26"]
[EventDate "2018.12.22"]
[EventType "swiss (blitz)"]
[EventRounds "15"]
[EventCountry "CZE"]
[SourceTitle "CBM 187 Extra"]
[Source "ChessBase"]
[SourceDate "2018.11.04"]
[SourceVersion "1"]
[SourceVersionDate "2018.11.04"]
[SourceQuality "1"]

1. e4 c5 2. Nc3 d6 3. d3 g6 4. g3 Bg7 5. Bg2 e6 6. Be3 Ne7 7. Qd2 0-0 8. Bh6 d5 9. h4 f5 10. Bxg7 Kxg7 11. h5 f4 12. gxf4 Rf7 13. Nf3 d4 1/2-1/2

[Event "CZE-chT2B 1819"]
[Site "Czech Republic"]
[Date "2018.10.14"]
[Round "1.7"]
[White "Smid, Pavel"]
[Black "Pribylova, Sofie"]
[Result "0-1"]
[WhiteElo "1960"]
[BlackElo "1973"]
[PlyCount "80"]
[EventDate "2018.10.14"]
[EventType "team-tourn"]
[EventRounds "11"]
[EventCountry "CZE"]
[SourceTitle "EXT 2022"]
[Source "ChessBase"]
[SourceDate "2021.10.06"]
[SourceVersion "1"]
[SourceVersionDate "2021.10.06"]
[SourceQuality "1"]
[WhiteTeam "Teplice"]
[BlackTeam "Praha Dopravni podnik II"]
[WhiteTeamCountry "CZE"]
[BlackTeamCountry "CZE"]

1. e4 c5 2. Nf3 a6 3. a4 d6 4. c3 Nf6 5. Bd3 e6 6. 0-0 Be7 7. Bc2 0-0 8. d4 cxd4 9. cxd4 d5 10. e5 Ne4 11. Re1 Ng5 12. Nxg5 Bxg5 13. Qh5 h6 14. f4 Be7 15. Bd2 Nc6 16. Bc3 Qb6 17. a5 Qc7 18. Qe2 Bd7 19. Qd3 g6 20. Re3 Rfc8 21. Rg3 Bf8 22. h4 h5 23. Na3 Be8 24. Qf3 Bxa3 25. Rxa3 Nxd4 26. Bxd4 Qxc2 27. Kh2 Kh7 28. Rg5 Qe4 29. Qxe4 dxe4 30. Re3 Bc6 31. g4 hxg4 32. Rxg4 Rd8 33. Bc3 Rd3 34. Rgg3 Rad8 35. Kg1 Rxe3 36. Rxe3 Rd1+ 37. Kg2 Kh6 38. Be1 Kh5 39. b4 Kg4 40. Kf2 Kxf4 0-1